000 01274cam a2200301 a 4500
999 _c219524
_d219524
001 14621969
003 Nust
005 20170213110544.0
008 061103t20062005nyub 000 1 eng
010 _a 2006285398
020 _a9780755324224
040 _aDLC
_cDLC
_dDLC
050 0 0 _aPR6107.I225
_bA97 2006
082 0 0 _a823.92
_bGIB
100 1 _aGibbins, David
245 1 0 _aAtlantis /
_cDavid Gibbins.
250 _aDell mass market ed.
260 _aNew York :
_bDell,
_c2005.
300 _a464 p. :
_bmap ;
_c18 cm.
500 _aPreviously published in London by Headline Book Publishing in 2005.
650 0 _aMarine archaeologists
_vFiction.
650 0 _aTreasure troves
_zMediterranean Sea
_vFiction.
856 4 2 _3Contributor biographical information
_uhttp://www.loc.gov/catdir/enhancements/fy0703/2006285398-b.html
856 4 2 _3Publisher description
_uhttp://www.loc.gov/catdir/enhancements/fy0703/2006285398-d.html
856 4 1 _3Sample text
_uhttp://www.loc.gov/catdir/enhancements/fy0703/2006285398-s.html
906 _a7
_bcbc
_corigres
_d2
_encip
_f20
_gy-gencatlg
942 _2ddc
_cBK